000 00446nam a2200181Ia 4500
001 17782
005 20260306171542.0
008 260306s9999||||xx |||||||||||||| ||und||
041 _aESP
082 _a658.16
_bA71
100 _aArguelles Ojeda, José Luis
_eAUT
245 0 _aProyectos seis sigma:
_bel camino a la excelencia operacional
260 _c2014
300 _a
_c
650 _aGEN
654 _aCAN
942 _cLIB
_dJUS
_fJUS
_2ddc
_n
999 _c17782
_d17782